Aires principales du pays de Galles - Carte Quiz - Statistiques

Statistiques générales
  • Ce quiz a été pris 6 fois
  • Le résultat moyen est 7 sur 22
Réponses sur la Carte
Les réponses sont colorées sur une échelle allant du rouge au vert en fonction du pourcentage des utilisateurs qui les ont devinées à leur premier essai. Vous pouvez retrouver ces pourcentages ci-dessous.
 
Statistiques - réponses
Réponse % Correct
Bridgend
60%
Cardiff
60%
Caerphilly
40%
Conwy
40%
Isle of Anglesey
40%
Merthyr Tydfil
40%
Neath Port Talbot
40%
Newport
40%
Swansea
40%
Blaenau Gwent
20%
Carmarthenshire
20%
Ceredigion
20%
Denbigshire
20%
Flintshire
20%
Gwynedd
20%
Monmouthshire
20%
Pembrokeshire
20%
Powys
20%
Rhondda Cynon Taf
20%
Torfaen
20%
Vale of Glamorgan
20%
Wrexham
20%
Aucun quiz correspondant
Distribution des résultats
% des personnes avec chaque résultat
Percentile par nombre de réponses
Votre historique - résultats
Vous n’avez pas pris ce quiz